| 000 | 01157nam0a22002771 4500 | ||
|---|---|---|---|
| 001 | rc\497294 | ||
| 005 | 20260407071928.0 | ||
| 035 | _a(NLR Aleph) 005738654 | ||
| 090 |
_a4714269 _c4714269 |
||
| 100 | _a20030616d1988 |||y0rusy50 ca | ||
| 101 | 0 | _arus | |
| 102 | _aRU | ||
| 105 | _ay ||||||||| | ||
| 200 | 1 |
_aПолитический портрет П. Каррингтона _eНауч.-аналит. обзор _f[Г.В. Колосов] |
|
| 210 |
_aМ. _cИНИОН _d1988 |
||
| 215 |
_a43, [1] с. _d20 |
||
| 225 | 1 |
_aСерия "Политические деятели и идеологи стран Запада" _fАН СССР, ИНИОН |
|
| 320 | _aБиблиогр.: с. 40-42 (33 назв.) | ||
| 600 | 1 |
_aКаррингтон _bП.Р.А. _gПитер Руперт Александр _2psbo |
|
| 702 | 1 |
_aКолосов _bГ.В. _gГеннадий Викторович _4340 |
|
| 712 | 0 | 2 |
_aИнститут научной информации по общественным наукам _cМосква _3RU\NLR\AUTH\88992 _9272425 |
| 801 | 0 |
_aRU _bNLR _gpsbo |
|
| 801 | 1 |
_aRU _bELAR _2rusmarc |
|
| 852 |
_aNLR _j88-4/10059 |
||
| 942 | _cBOOK | ||
| 980 | _aNB | ||